[Event "POL-chT4B 0910"]
[Site "Wielkoposka"]
[Date "2010.01.10"]
[Round "1"]
[White "Tomaszewska, Olga"]
[Black "Kociemska, Ewa1"]
[Result "1/2-1/2"]
[WhiteElo "1400"]
[BlackElo "1600"]
[PlyCount "49"]
[EventDate "2010.01.10"]
[EventType "team-tourn"]
[EventRounds "9"]
[EventCountry "POL"]
[SourceTitle "EXT 2019"]
[Source "ChessBase"]
[SourceDate "2018.10.10"]
[SourceVersion "1"]
[SourceVersionDate "2018.10.10"]
[SourceQuality "1"]
[WhiteTeam "Jarocin JKSW"]
[BlackTeam "Konin Hetman III"]
[WhiteTeamCountry "POL"]
[BlackTeamCountry "POL"]

1. d4 Nc6 2. Nf3 e6 3. e3 Be7 4. b3 d5 5. c4 Nf6 6. Be2 Bb4+ 7. Bd2 Bxd2+ 8. Nbxd2 h6 9. 0-0 0-0 10. a3 b6 11. c5 bxc5 12. dxc5 a5 13. Nd4 Nxd4 14. exd4 c6 15. Nf3 Ne4 16. Bd3 Ba6 17. Bxa6 Rxa6 18. Qd3 Ra8 19. Ne5 Qc7 20. f3 Nf6 21. b4 axb4 22. axb4 Rxa1 23. Rxa1 Nd7 24. Nxd7 Qxd7 25. Kf2 1/2-1/2